[Event "15PCR_PF1"]
[Site "?"]
[Date "2004.??.??"]
[Round "?"]
[White "Kratochvil, Vaclav"]
[Black "Cvak, Rudolf"]
[Result "1/2-1/2"]
[WhiteElo "2222"]
[BlackElo "1920"]
[PlyCount "151"]
[EventDate "2004.??.??"]
[EventType "corr"]
[EventRounds "2"]
[SourceDate "2005.03.08"]

1. e4 c5 2. Nf3 Nc6 3. Bb5 g6 4. O-O Bg7 5. Re1 a6 6. Bc4 d6 7. c3 Nf6 8. d4
cxd4 9. cxd4 Bg4 10. d5 Ne5 11. Be2 Bxf3 12. gxf3 h6 13. Qb3 Qc8 14. Be3 Qh3
15. Nd2 O-O 16. Rec1 b5 17. a4 bxa4 18. Rxa4 Nh5 19. Qa3 Qh4 20. Rxa6 Rxa6 21.
Qxa6 Nf4 22. Kh1 e6 23. dxe6 Nxe2 24. exf7+ Rxf7 25. Qxe2 Nxf3 26. Rc8+ Kh7 27.
Nxf3 Qxe4 28. Rc4 Qxf3+ 29. Qxf3 Rxf3 30. Rc7 Kg8 31. b4 d5 32. Kg2 Rf7 33. Rc6
d4 34. Bd2 g5 35. b5 Rf5 36. b6 Rb5 37. Kf3 Kf7 38. Ke4 Bf6 39. Rc7+ Ke8 40. b7
Bd8 41. Rh7 Be7 42. Rh8+ Bf8 43. Rh7 Be7 44. Kxd4 Rxb7 45. Rxh6 Kf7 46. Rc6
Rd7+ 47. Ke3 Bf6 48. Bc1 Ra7 49. Kf3 Ra4 50. h3 Rh4 51. Be3 Kg6 52. Kg3 Kf5 53.
Rc5+ Be5+ 54. Kg2 g4 55. hxg4+ Rxg4+ 56. Kf1 Ke6 57. Ke2 Ra4 58. Rc8 Ra2+ 59.
Kf3 Ra4 60. Re8+ Kf5 61. Rf8+ Ke6 62. Bf4 Ke7 63. Rf5 Bf6 64. Be5 Ke6 65. Rxf6+
Kxe5 66. Rc6 Kf5 67. Rc5+ Kf6 68. Kg3 Rd4 69. f3 Rb4 70. Rc8 Ke6 71. Ra8 Rc4
72. Ra5 Rd4 73. f4 Rd8 74. Kg4 Rg8+ 75. Kf3 Kf6 76. Rd5 1/2-1/2

[Event "15PCR_PF1"]
[Site "?"]
[Date "2004.??.??"]
[Round "?"]
[White "Kratochvil, Vaclav"]
[Black "Slavik, Miroslav"]
[Result "1/2-1/2"]
[WhiteElo "2222"]
[BlackElo "2182"]
[PlyCount "141"]
[EventDate "2004.??.??"]
[EventType "corr"]
[EventRounds "2"]
[SourceDate "2005.03.08"]

1. e4 c6 2. d4 d5 3. exd5 cxd5 4. c3 Bf5 5. Qb3 Qd7 6. Nf3 Nc6 7. Bf4 Rc8 8.
Nbd2 a6 9. Nh4 Bg6 10. Nxg6 hxg6 11. Bd3 e6 12. Nf3 Nh6 13. O-O Nf5 14. Rfe1
Be7 15. a3 Na5 16. Qa2 Nc4 17. a4 Nh4 18. Ne5 Nxe5 19. Bxe5 Rh5 20. Qb3 Kf8 21.
a5 Rg5 22. Bg3 Nf5 23. Bf4 Rh5 24. g4 Rh4 25. gxf5 Rxf4 26. fxe6 fxe6 27. Re3
Bh4 28. f3 Qf7 29. Qc2 Rxd4 30. Qe2 Rf4 31. Rxe6 Rf6 32. Rxf6 gxf6 33. Qe3 Kg7
34. Kh1 f5 35. Rg1 Re8 36. Qd4+ Bf6 37. Qf4 Kh7 38. Qg3 Bg7 39. f4 Bh6 40. h4
Rh8 41. Re1 d4 42. h5 Rg8 43. Re5 dxc3 44. bxc3 b5 45. axb6 Qb7+ 46. Qg2 Qxg2+
47. Kxg2 Bxf4 48. Rd5 gxh5+ 49. Kf3 Bb8 50. c4 Rg3+ 51. Ke2 Rg2+ 52. Ke3 Kg7
53. Rxf5 Rb2 54. c5 h4 55. Bxa6 h3 56. Bb7 h2 57. Bc6 Kg6 58. Rf1 Rb4 59. Rf8
Be5 60. b7 Rb3+ 61. Kd2 Kg7 62. Rc8 Rb2+ 63. Kc1 Ra2 64. Bf3 Kf6 65. Bd5 Ke7
66. Kd1 Bf4 67. Be4 Ra4 68. Bf3 Ra3 69. Bc6 Ra6 70. Bd5 Ra2 71. Be4 1/2-1/2

[Event "15PCR_PF1"]
[Site "?"]
[Date "2004.??.??"]
[Round "?"]
[White "Cvak, Rudolf"]
[Black "Vinklarek, Vlastimil"]
[Result "1-0"]
[WhiteElo "1920"]
[BlackElo "2129"]
[PlyCount "125"]
[EventDate "2004.??.??"]
[EventType "corr"]
[EventRounds "2"]
[SourceDate "2005.03.08"]

1. e4 e6 2. d4 d5 3. Nc3 dxe4 4. Nxe4 Nd7 5. g3 Be7 6. Bg2 Ngf6 7. Nxf6+ Bxf6
8. Nf3 c5 9. dxc5 O-O 10. O-O Nxc5 11. Re1 Bd7 12. Ne5 Ba4 13. Bf4 Qb6 14. b3
Bc6 15. Nxc6 bxc6 16. Rb1 Bc3 17. Be3 Qa5 18. Rf1 Rac8 19. a3 Rfd8 20. b4 Qa4
21. Qh5 Nd7 22. Rb3 Bf6 23. Rd1 Ne5 24. Rxd8+ Rxd8 25. Bf1 Rd5 26. Qe2 Rd8 27.
h3 h6 28. Kh2 Rd7 29. Kg2 Ng6 30. Kh2 Ne5 31. f4 Ng6 32. Bg2 Qb5 33. c4 Qa4 34.
Rd3 Rxd3 35. Qxd3 Bb2 36. h4 Bxa3 37. Qd8+ Kh7 38. h5 Nh8 39. Qd3+ Kg8 40. Be4
f5 41. Qd7 Qxb4 42. Qxe6+ Nf7 43. Qc8+ Qf8 44. Qxf5 Nd8 45. Qh7+ Kf7 46. Bxa7
Ke7 47. Bf3 Qf6 48. Qd3 Bd6 49. Bd4 Qf7 50. Bb6 Ne6 51. Qe4 Kf8 52. Qxc6 Bc7
53. c5 Bb8 54. Qd5 Qe7 55. Bg4 Nxf4 56. Qf3 Qf6 57. gxf4 Qd4 58. Kh3 Kg8 59.
Qb7 Qd3+ 60. Bf3 Qf5+ 61. Kg2 Qf8 62. Qd7 Bxf4 63. Bd5+ 1-0

[Event "15PCR_PF1"]
[Site "?"]
[Date "2004.??.??"]
[Round "?"]
[White "Kratochvil, Vaclav"]
[Black "Batka, Josef"]
[Result "1/2-1/2"]
[WhiteElo "2222"]
[BlackElo "2251"]
[PlyCount "127"]
[EventDate "2004.??.??"]
[EventType "corr"]
[EventRounds "2"]
[SourceDate "2005.03.08"]

1. e4 c5 2. Nf3 Nc6 3. Bb5 e6 4. O-O Nge7 5. c3 a6 6. Be2 d5 7. exd5 Nxd5 8. d4
Be7 9. c4 Nb6 10. dxc5 Qxd1 11. Bxd1 Nxc4 12. Be2 N6e5 13. Nxe5 Nxe5 14. Be3
Bd7 15. Nc3 Bc6 16. Rfd1 O-O 17. b4 Bf6 18. Rac1 Ng6 19. Bd4 Bg5 20. Rc2 Rfd8
21. g3 e5 22. Be3 Bxe3 23. Rxd8+ Rxd8 24. fxe3 Ne7 25. a4 f5 26. g4 g6 27. b5
axb5 28. axb5 Be8 29. e4 Kf8 30. Kf2 fxg4 31. Bxg4 Bf7 32. Ke3 h5 33. Bf3 g5
34. h3 Rd4 35. Rd2 Rc4 36. Rd8+ Kg7 37. Kd2 Rxc5 38. Rd7 Kf6 39. Rxb7 Rc4 40.
Rb6+ Kg7 41. Rd6 Rb4 42. Be2 Rb2+ 43. Kc1 Rb3 44. Kc2 Rb4 45. Rd7 Kf6 46. Ra7
Nc8 47. Ra6+ Kg7 48. Rc6 Ne7 49. Rc5 Kf6 50. Rc7 Ke6 51. Rc4 Rxc4 52. Bxc4+ Kf6
53. Bxf7 Kxf7 54. b6 g4 55. h4 g3 56. Ne2 g2 57. Kd3 Ke6 58. b7 Nc6 59. Ke3 Kd7
60. Kf2 Kc7 61. Ng3 Ne7 62. Nxh5 Ng6 63. Kxg2 Nxh4+ 64. Kg3 1/2-1/2

[Event "15PCR_PF1"]
[Site "?"]
[Date "2004.??.??"]
[Round "?"]
[White "Batka, Josef"]
[Black "Kratochvil, Vaclav"]
[Result "1/2-1/2"]
[WhiteElo "2251"]
[BlackElo "2222"]
[PlyCount "122"]
[EventDate "2004.??.??"]
[EventType "corr"]
[EventRounds "2"]
[SourceDate "2005.03.08"]

1. e4 c5 2. c3 Nf6 3. e5 Nd5 4. d4 cxd4 5. Nf3 Nc6 6. Bc4 Nb6 7. Bb3 d6 8. exd6
Qxd6 9. O-O dxc3 10. Ng5 e6 11. Qh5 Qe7 12. Nxc3 g6 13. Qh3 Bg7 14. Be3 Nd5 15.
Nxd5 exd5 16. Qg3 h6 17. Nf3 Be6 18. Rac1 Bxb2 19. Bc5 Qd7 20. Rc2 Bg7 21. Rd1
g5 22. Bxd5 O-O-O 23. Bxa7 Qc7 24. Bxe6+ fxe6 25. Qxc7+ Kxc7 26. Rb1 Rd5 27.
Bb6+ Kd7 28. Nd2 Rc8 29. Kf1 Ne5 30. Rxc8 Kxc8 31. Ne4 Nd3 32. f3 Bd4 33. g3
Ne5 34. Rc1+ Nc6 35. Bxd4 Rxd4 36. Kf2 Kc7 37. Rc2 e5 38. Ke3 Rd1 39. Nf6 b5
40. Ng4 Kd6 41. Nxh6 Nd4 42. Rb2 Ke6 43. Ng4 Re1+ 44. Kf2 Rc1 45. Rd2 Rc3 46.
Ne3 Ra3 47. h3 Rc3 48. Rd1 Rc7 49. Rd3 b4 50. Nf1 Rg7 51. Nh2 Ra7 52. Rd2 Nb5
53. Ng4 Nc3 54. h4 Nxa2 55. hxg5 b3 56. Ne3 Nc3 57. Nc4 Ra4 58. Rd6+ Ke7 59.
Rc6 Nd5 60. Rc5 Rxc4 61. Rxd5 Rb4 1/2-1/2

[Event "15PCR_PF1"]
[Site "?"]
[Date "2004.??.??"]
[Round "?"]
[White "Slavik, Miroslav"]
[Black "Pecina, Pavel"]
[Result "1/2-1/2"]
[WhiteElo "2182"]
[BlackElo "2253"]
[PlyCount "116"]
[EventDate "2004.??.??"]
[EventType "corr"]
[EventRounds "2"]
[SourceDate "2005.03.08"]

1. d4 Nf6 2. c4 e6 3. Nc3 d5 4. Bg5 dxc4 5. e4 c5 6. Nf3 cxd4 7. Qxd4 Qxd4 8.
Nxd4 a6 9. Bxc4 b5 10. Bxf6 gxf6 11. Bd3 Nd7 12. Nc6 Nc5 13. Bc2 Bd7 14. Nd4
Rg8 15. O-O b4 16. Nce2 Rc8 17. Rfd1 h5 18. a3 e5 19. Nf5 b3 20. Bd3 Rd8 21.
Bc4 Nxe4 22. Nfg3 Nxg3 23. Nxg3 h4 24. Ne4 Rg6 25. Nd6+ Bxd6 26. Rxd6 f5 27.
Rd5 e4 28. Rad1 h3 29. g3 Rc8 30. Re5+ Kf8 31. Bf1 Be6 32. Bxh3 Rc2 33. Rb1 Rf6
34. a4 Kg7 35. Bf1 Bc8 36. Rd5 f4 37. a5 fxg3 38. Rg5+ Kf8 39. Rxg3 Rfxf2 40.
Rxb3 Rxh2 41. Rc3 Rhd2 42. Rc1 Rxc1 43. Rxc1 Bb7 44. b3 Ke7 45. Rc7+ Rd7 46.
Rc5 Kd6 47. Rh5 Bc8 48. Kf2 Rd8 49. Ke3 f5 50. Kf4 Kc5 51. Rh6 Rg8 52. Bc4 Rg4+
53. Ke3 Rg7 54. Rb6 Re7 55. Be2 Rh7 56. Rb8 Rc7 57. b4+ Kd5 58. b5 Ke5 1/2-1/2

[Event "15PCR_PF1"]
[Site "?"]
[Date "2004.??.??"]
[Round "?"]
[White "Vinklarek, Vlastimil"]
[Black "Slavik, Miroslav"]
[Result "0-1"]
[WhiteElo "2129"]
[BlackElo "2182"]
[PlyCount "118"]
[EventDate "2004.??.??"]
[EventType "corr"]
[EventRounds "2"]
[SourceDate "2005.03.08"]

1. d4 Nf6 2. c4 e6 3. Nc3 Bb4 4. e3 O-O 5. Nf3 c5 6. Bd3 d5 7. O-O b6 8. cxd5
exd5 9. a3 Bxc3 10. bxc3 Ba6 11. Bxa6 Nxa6 12. Qc2 Qe7 13. Bb2 Rfe8 14. Rad1
Rac8 15. dxc5 Nxc5 16. Nd4 Nce4 17. Rfe1 a6 18. f3 Nd6 19. Nf5 Nxf5 20. Qxf5 b5
21. Qd3 Rc6 22. Ra1 Rc4 23. Re2 Qe5 24. Rd1 Rh4 25. g3 Rc4 26. Qd2 Qf5 27. Kg2
h6 28. Qd3 Qg5 29. Qd2 Rc6 30. Qd4 Re7 31. Bc1 Rc4 32. Qd3 Rec7 33. Bb2 R7c6
34. Red2 h5 35. Re2 h4 36. Rf2 hxg3 37. hxg3 Rh4 38. Rg1 Nh5 39. g4 Rh6 40. Kf1
Rh1 41. Rfg2 Nf6 42. Qe2 R6h3 43. Rxh1 Rxh1+ 44. Rg1 Rh3 45. Bc1 Qh4 46. Qf2
Qh7 47. Bd2 Nd7 48. Rg3 Rh2 49. Rg2 Qh3 50. Be1 Rh1+ 51. Ke2 Qh7 52. e4 dxe4
53. f4 Nf6 54. Bd2 Ra1 55. f5 Qh1 56. Ke3 Rf1 57. Qe2 Rf3+ 58. Kd4 Rd3+ 59. Kc5
Qa1 0-1

[Event "15PCR_PF1"]
[Site "?"]
[Date "2004.??.??"]
[Round "?"]
[White "Vinklarek, Vlastimil"]
[Black "Cvak, Rudolf"]
[Result "0-1"]
[WhiteElo "2129"]
[BlackElo "1920"]
[PlyCount "132"]
[EventDate "2004.??.??"]
[EventType "corr"]
[EventRounds "2"]
[SourceDate "2005.03.08"]

1. d4 Nf6 2. c4 g6 3. Nc3 Bg7 4. e4 d6 5. f3 O-O 6. Be3 b6 7. Bd3 Bb7 8. Nge2
c5 9. d5 Nbd7 10. O-O Ne5 11. b3 e6 12. Bg5 h6 13. Bh4 g5 14. Bg3 Nh5 15. Bf2
Nxd3 16. Qxd3 Nf4 17. Nxf4 gxf4 18. Rad1 Qg5 19. dxe6 fxe6 20. Nb5 Be5 21. Qc2
Qe7 22. a3 Rf7 23. Kh1 Rg7 24. Rg1 Bc6 25. Nc3 Qg5 26. Ne2 Qh5 27. Rd3 Rf8 28.
Nc3 Rff7 29. Rgd1 Rg5 30. Bg1 Rfg7 31. R1d2 a6 32. a4 Qh3 33. Re2 Be8 34. a5
bxa5 35. Na4 Bh5 36. Nxc5 dxc5 37. Bxc5 Qh4 38. Qd1 Bg6 39. Rd7 Rh5 40. Bg1 Be8
41. Rd8 Qe7 42. Ra8 Bc7 43. Rxa6 Kh7 44. Bf2 e5 45. Rd2 Bd7 46. Rc2 Bc8 47. Ra7
Qb4 48. Rd2 Rhg5 49. Rd5 Be6 50. Bc5 Qb8 51. Rd2 Bb6 52. Rxg7+ Rxg7 53. Bd6 Bc7
54. Bc5 Qe8 55. Qa1 Rd7 56. Qd1 Rxd2 57. Qxd2 a4 58. bxa4 Qxa4 59. h3 Qxc4 60.
Qf2 Bd8 61. Ba7 Qc3 62. Kh2 Kg6 63. Qg1 Kf7 64. Qf2 h5 65. Bc5 Qc1 66. Bd6 Qe3
0-1